000 00745nmc a2200277 a 4500
003 AR-BaBNM
005 20251128205219.0
008 045020s2003 ||||||||||||||000 | spa||
020 _a987-1138-22-9
040 _cAR-BaBNM
100 1 _aNeruda, Pablo
245 1 0 _aLas uvas y el viento
250 _a1ª ed.
260 _aBuenos Aires
_bDebolsillo
_c2003
300 0 _a267 p.
490 0 _aContemporánea
500 0 _aEdición y notas de Hernán Loyola. Prólogo de Lucrecia Romera
650 4 _aLITERATURA CHILENA
650 4 _aLITERATURA CONTEMPORANEA
650 4 _aPOESIA
655 _aLITERATURA
700 1 _aLoyola, Hernán
_eeditor
700 1 _aRomera, Lucrecia
_eprologuista
942 _cBK
998 _cme-solo cat
999 _c10481
_d10481